Microeconomie

Enregistré dans:
Détails bibliographiques
Auteur principal: Marasová, Jana
Format: Livre
Langue:français
Publié: Banská Bystrica Ekonomická fakulta Univerzity Mateja Bela 2001
Sujets:
Tags: Ajouter un tag
Pas de tags, Soyez le premier à ajouter un tag!

MARC

LEADER 00000nam$a2200000$$$4500
001 0042323
005 20240314091238.0
020 |a 80-8055-549-4 
041 0 |a fre 
044 |a SK 
245 1 0 |a Microeconomie  |c Jana Marasová 
264 1 |a Banská Bystrica  |b Ekonomická fakulta Univerzity Mateja Bela  |c 2001 
300 |a 122 s. 
610 2 0 |a mikroekonomika 
610 2 0 |a podnik 
610 2 0 |a produktivita 
610 2 0 |a ceny 
610 2 0 |a kapitál 
100 1 |a Marasová, Jana